000 005450000a22001810004500
003 MACL
005 20160305150436.0
008 160305b xxu||||| |||| 00| 0 eng d
040 _aMACL
_cMACL
041 _aHindi
082 _a891.432
100 _aसिंह‍ लाल प्रधुम्‍न
_943130
245 _aप्रेम एक रूप अनेक
260 _bज्‍योति प्रकाशन
_c1983
_aइलाहाबाद
350 _a20
650 _aDrama
_943131
942 _cHIN
_k891.432
_2ddc
999 _c28276
_d28276